• 首页
  • 本馆介绍
  • 公告通知
  • 最新文献
  • 馆藏检索
  • 电子资源
  • 读者导购
  • 参考咨询
  • 我的图书馆
  • 登录
  • 详细信息显示
  • 放入我的书架
  • 预约/预借图书
  • 作者相关作品
  • 分类相关作品
  • 丛书相关作品
  • 出版社相关作品

书目信息

  • 表格格式
  • 工作单格式
  • 卡片格式
题名:
茄子病虫害诊断与防治图谱
    
 
作者: 王久兴 , 郑悦忠 编著
分册:  
出版信息: 北京   金盾出版社  2014
页数: 170页
开本: 21cm
丛书名:
单 册:
中图分类: S436.411-64
科图分类:
主题词: 茄子--病虫害防治--图谱 , 茄子 , 病虫害防治
电子资源:
ISBN: 978-7-5082-8750-8
000 00979nam0 2200265 450
001 012015000799
005 20150914161558.68
010    @a978-7-5082-8750-8@dCNY23.00
100    @a20140429d2014 em y0chiy50 ea
101 0  @achi
102    @aCN@b110000
105    @aa z 000yy
106    @ar
200 1  @a茄子病虫害诊断与防治图谱@Aqie zi bing chong hai zhen duan yu fang zhi tu pu@f王久兴,郑悦忠编著
210    @a北京@c金盾出版社@d2014
215    @a170页@d21cm
330    @a本书以大量彩色照片配合文字辅助说明的方式,对茄子种植过程中常见的病虫害进行讲解。分别从症状、发生特点、形态特征和发生规律等几项内容,对侵染性病害、非侵染性病害和虫害3个方面进行分析,并根据受害特点,从多个角度介绍防治方法。
606 0  @a茄子@x病虫害防治@j图谱
606 0  @a茄子
606 0  @a病虫害防治
690    @aS436.411-64@v5
701  0 @a王久兴@Awang jiu xing@4编著
701  0 @a郑悦忠@Azheng yue zhong@4编著
801  0 @aCN@b碧洲教育@c20150718
905    @a10447@f4@dS436.411-64@e99
    
    茄子病虫害诊断与防治图谱/王久兴,郑悦忠编著.-北京:金盾出版社,2014
    170页;21cm
    
    
    ISBN 978-7-5082-8750-8:CNY23.00
    本书以大量彩色照片配合文字辅助说明的方式,对茄子种植过程中常见的病虫害进行讲解。分别从症状、发生特点、形态特征和发生规律等几项内容,对侵染性病害、非侵染性病害和虫害3个方面进行分析,并根据受害特点,从多个角度介绍防治方法。
●
相关链接 在E读中查询图书 在五车中查询图书 在当当中查询图书 在豆瓣中查询图书


正题名:茄子病虫害诊断与防治图谱     索取号:S436.411-64/99         预约/预借

序号 登录号 条形码 馆藏地/架位号 状态 备注
1 0847987   208479877   第二样本阅览室/ [索取号:S436.411-64/99] 在馆    
2 0847988   208479886   第三借阅区/ [索取号:S436.411-64/99] 在馆    
3 0847989   208479895   第三借阅区/ [索取号:S436.411-64/99] 在馆    
4 0847990   208479902   密集书库-生命科学系/ [索取号:S436.411-64/99] 在馆    
唐山师范学院图书馆 欢迎您!
大连网信软件有限公司© 版权所有